Молодой Казакстан (Запись № 5583452)

Подробности
000 -МАРКЕР
контрольное поле 01353nam0a22003131 4500
001 - ИДЕНТИФИКАТОР ЗАПИСИ
контрольное поле rc\2570178
005 - ИДЕНТИФИКАТОР ВЕРСИИ
контрольное поле 20230413172425.0
035 ## - ДРУГИЕ СИСТЕМНЫЕ НОМЕРА
Идентификатор записи (NLR Aleph) 006734931
100 ## - ДАННЫЕ ОБЩЕЙ ОБРАБОТКИ
Данные общей обработки 20110914d1928 |||y0rusy50 ca
101 1# - ЯЗЫК РЕСУРСА
Язык текста, звукозаписи и т.д. русский
Язык оригинала не определено
102 ## - СТРАНА ПУБЛИКАЦИИ ИЛИ ПРОИЗВОДСТВА
Страна публикации Российская Федерация
105 ## - ПОЛЕ КОДИРОВАННЫХ ДАННЫХ: ТЕКСТОВЫЕ МАТЕРИАЛЫ, МОНОГРАФИЧЕСКИЕ
Кодированные данные о монографическом текстовом документе y z |||a|
200 1# - ЗАГЛАВИЕ И СВЕДЕНИЯ ОБ ОТВЕТСТВЕННОСТИ
Основное заглавие Молодой Казакстан
Сведения, относящиеся к заглавию Рассказы современных писателей Казакстана
Первые сведения об ответственности Мухтар Ауэзов, Жусупбек Аймаутов, Беимбет Майлин
Последующие сведения об ответственности Пер. с кирг. под ред. С. Садвокасова
210 ## - ПУБЛИКАЦИЯ, РАСПРОСТРАНЕНИЕ И ДР.
Место издания, распространения и т.д. Москва
Имя издателя, распространителя и т. д. Огонек
Дата издания, распространения и т.д. 1928
Имя изготовителя типо-лит. акц. издат. о-ва "Огонек"
215 ## - ФИЗИЧЕСКАЯ ХАРАКТЕРИСТИКА
Специфическое обозначение материала и объем 41, [2] с., [1] с. объявл.
Размеры 15х11 см.
225 1# - СЕРИЯ
Основное заглавие серии Библиотека "Огонек"
Обозначение тома № 370
300 ## - ОБЩИЕ ПРИМЕЧАНИЯ
Текст примечания На обл. авт. не указаны
300 ## - ОБЩИЕ ПРИМЕЧАНИЯ
Текст примечания Обложка: В. Коринский
700 #1 - ИМЯ ЛИЦА - ПЕРВИЧНАЯ ОТВЕТСТВЕННОСТЬ
Начальный элемент ввода Ауэзов
Часть имени, кроме начального элемента ввода М. О.
Даты 1897-1961
Расширение инициалов личного имени Мухтар Омарханович
701 #1 - ИМЯ ЛИЦА - АЛЬТЕРНАТИВНАЯ ОТВЕТСТВЕННОСТЬ
Начальный элемент ввода Майлин
Часть имени, кроме начального элемента ввода Б.
Расширение инициалов личного имени Беимбет
701 #1 - ИМЯ ЛИЦА - АЛЬТЕРНАТИВНАЯ ОТВЕТСТВЕННОСТЬ
Начальный элемент ввода Аймауытов
Часть имени, кроме начального элемента ввода Ж.
Даты 1889-1931
Расширение инициалов личного имени Жусыпбек
Идентификатор авторитетной/нормативной записи RU\NLR\AUTH\770173581
702 #1 - ИМЯ ЛИЦА - ВТОРИЧНАЯ ОТВЕТСТВЕННОСТЬ
Начальный элемент ввода Садвокасов
Часть имени, кроме начального элемента ввода С.
Код отношения Редактор
801 #0 - ИСТОЧНИК ЗАПИСИ
Страна Российская Федерация
Организация NLR
Правила каталогизации psbo
801 #1 - ИСТОЧНИК ЗАПИСИ
Страна Российская Федерация
Организация ELAR
Источник данных rusmarc
852 ## - МЕСТОНАХОЖДЕНИЕ И ШИФР ХРАНЕНИЯ
Идентификатор организации NLR
Шифр хранения (Call Number) 17.140.3.231/370
942 ## - ДОПОЛНИТЕЛЬНЫЕ ЭЛЕМЕНТЫ ЗАПИСИ (АБИС)
Тип экземпляра АБИС Книга
980 ## - КОЛЛЕКЦИЯ
Название коллекции Национальная библиография
Экземпляры
Тип экземпляра Дата поступления Библиотека постоянного хранения Библиотека текущего хранения Место хранения Шифр хранения Штрих-код Статус экземпляра
Книга 26.10.2013 РНБ (Садовая) РНБ (Садовая) Русский книжный фонд -Главное здание, Ленинский читальный зал 17.140.3.231/370 1-4668887  
Книга 14.08.2024 РНБ (Садовая) РНБ (Садовая) Русский книжный фонд -Главное здание, Ленинский читальный зал 1-4668958 1-4668958